[Event "Stuttgart-chA"]
[Site "Stuttgart"]
[Date "2003.??.??"]
[Round "?"]
[White "Heisler, Bernhard"]
[Black "Berger, Steve"]
[Result "1/2-1/2"]
[WhiteElo "2025"]
[BlackElo "2335"]
[PlyCount "154"]
[EventDate "2003.??.??"]
[EventType "swiss"]
[EventRounds "9"]
[EventCountry "GER"]
[SourceTitle "EXT 2007"]
[Source "ChessBase"]
[SourceDate "2006.11.23"]
[SourceVersion "1"]
[SourceVersionDate "2006.11.23"]
[SourceQuality "1"]

1. e4 c5 2. Nf3 e6 3. d3 Nc6 4. g3 Nge7 5. Bg2 g6 6. 0-0 Bg7 7. c3 0-0 8. Be3 b6 9. d4 d5 10. dxc5 dxe4 11. Nd4 Nxd4 12. Bxd4 Bxd4 13. Qxd4 Qxd4 14. cxd4 f5 15. Nc3 Ba6 16. Rfe1 Rad8 17. Rad1 Nc6 18. cxb6 axb6 19. d5 exd5 20. Nxd5 Ne5 21. Nc7 Bc4 22. b3 Rxd1 23. Rxd1 Rc8 24. bxc4 Rxc7 25. Bf1 Kg7 26. Be2 Rd7 27. Rxd7+ Nxd7 28. f4 exf3 29. Bxf3 Kf6 30. Kf2 Ke5 31. Ke3 Nc5 32. h4 h6 33. Bc6 g5 34. hxg5 hxg5 35. Ba8 Ne6 36. Bd5 Ng7 37. Bf7 Kf6 38. Bd5 Nh5 39. Kf3 g4+ 40. Kf2 Ke5 41. Bf7 Nf6 42. Bg6 Ne4+ 43. Kg2 Nd6 44. Bh7 Nxc4 45. Bg8 Ne3+ 46. Kf2 f4 47. Bb3 Nf5 48. gxf4+ Kxf4 49. Bd5 Nd4 50. Bb7 b5 51. Bd5 b4 52. Bc4 Nf5 53. Bd5 Ne3 54. Be6 Nd1+ 55. Kg2 Nc3 56. Bc4 Kg5 57. Kg3 Ne4+ 58. Kg2 Kh4 59. Bd5 Nc3 60. Bb3 g3 61. Be6 Ne2 62. Bd7 Nf4+ 63. Kg1 Kg5 64. Bc6 Kg4 65. Bd7+ Kf3 66. Bc6+ Ke3 67. Bd7 Nd5 68. Be8 Kf4 69. Kg2 Ne3+ 70. Kg1 g2 71. Bc6 Kg3 72. Be4 Kf4 73. Bc6 Ke5 74. Kf2 Kd4 75. Be8 Kc3 76. Bf7 Kb2 77. Kg1 Nd1 1/2-1/2

[Event "Passau op 7th"]
[Site "Passau"]
[Date "1999.04.02"]
[Round "1"]
[White "Heisler, Bernhard"]
[Black "Schmidt, Martin"]
[Result "0-1"]
[WhiteElo "1693"]
[BlackElo "2150"]
[PlyCount "64"]
[EventDate "1999.04.02"]
[EventType "swiss"]
[EventRounds "7"]
[EventCountry "GER"]
[SourceTitle "EXT 2000"]
[Source "ChessBase"]
[SourceDate "1999.11.16"]
[SourceVersion "1"]
[SourceVersionDate "1999.11.16"]
[SourceQuality "1"]

1. e4 e6 2. d3 c5 3. g3 d5 4. Nd2 Nf6 5. Bg2 Nc6 6. Ngf3 Be7 7. 0-0 0-0 8. Re1 b5 9. e5 Nd7 10. h4 Qc7 11. Qe2 Bb7 12. Nf1 Rfe8 13. Bf4 Qb6 14. c3 b4 15. N1h2 Qa5 16. Bd2 Ba6 17. a3 bxc3 18. bxc3 Qb5 19. Bf1 Rab8 20. h5 Qa4 21. g4 Rb2 22. Red1 Bd8 23. g5 Bc7 24. g6 fxg6 25. hxg6 h6 26. Qe3 Ncxe5 27. Nxe5 Bxe5 28. f4 d4 29. Qf3 Bb7 30. Qh5 dxc3 31. fxe5 Rxd2 32. Rac1 Qd4# 0-1

[Event "Passau op 7th"]
[Site "Passau"]
[Date "1999.04.02"]
[Round "2"]
[White "Stein, Matthias"]
[Black "Heisler, Bernhard"]
[Result "1-0"]
[WhiteElo "1940"]
[BlackElo "1693"]
[PlyCount "41"]
[EventDate "1999.04.02"]
[EventType "swiss"]
[EventRounds "7"]
[EventCountry "GER"]
[SourceTitle "EXT 2000"]
[Source "ChessBase"]
[SourceDate "1999.11.16"]
[SourceVersion "1"]
[SourceVersionDate "1999.11.16"]
[SourceQuality "1"]

1. e4 e6 2. d4 d5 3. Nc3 Bb4 4. e5 c5 5. a3 Bxc3+ 6. bxc3 Ne7 7. Qg4 Qc7 8. Qxg7 Rg8 9. Qxh7 cxd4 10. Ne2 Nbc6 11. f4 Bd7 12. Qd3 dxc3 13. Nxc3 a6 14. h3 Rc8 15. Ne2 Na5 16. Nd4 Ng6 17. Kd1 Nc4 18. g4 f6 19. exf6 Nxf4 20. Qh7 Rf8 21. Qe7# 1-0